[Event "Team senior chess final 2016"]
[Site "Sochi"]
[Date "2016.05.03"]
[Round "3.3"]
[White "Lisenko, Alexander V"]
[Black "Sosnin, Anatoly"]
[Result "1/2-1/2"]
[WhiteElo "2361"]
[BlackElo "2188"]
[PlyCount "55"]
[EventDate "2016.05.01"]

1. c4 Nf6 2. Nf3 c6 3. b3 d5 4. Bb2 Bf5 5. g3 e6 6. Bg2 Nbd7 7. O-O h6 8. d3
Be7 9. Nbd2 O-O 10. a3 a5 11. Rc1 Bh7 12. Rc2 Bd6 13. Qa1 Qe7 14. cxd5 exd5 15.
Nd4 h5 16. N2f3 Ng4 17. Re1 f5 18. e3 Nde5 19. Rd2 Rae8 20. h3 Nxf3+ 21. Nxf3
Nh6 22. h4 Ng4 23. Bc3 Ra8 24. Ra2 Qc7 25. Qd1 Rfe8 26. Ree2 Bg6 27. b4 axb4
28. Bxb4 1/2-1/2

[Event "Team senior chess final 2016"]
[Site "Sochi"]
[Date "2016.05.03"]
[Round "3.3"]
[White "Deryagin, Aleksandr"]
[Black "Fradkin, Boris"]
[Result "0-1"]
[WhiteElo "1720"]
[BlackElo "2387"]
[PlyCount "76"]
[EventDate "2016.05.01"]

1. e4 c6 2. d4 d5 3. Nc3 dxe4 4. Bc4 Nf6 5. Bf4 Bf5 6. Nge2 e6 7. h3 Bd6 8. Qd2
Nd5 9. a3 Nxf4 10. Nxf4 Nd7 11. g4 g5 12. Nh5 Bg6 13. Ng3 Bf4 14. Qe2 Nf6 15.
Ngxe4 Nxe4 16. Nxe4 Qxd4 17. Nc3 O-O-O 18. Rd1 Qe5 19. Bd3 Bxd3 20. cxd3 h5 21.
Qxe5 Bxe5 22. Ke2 Bxc3 23. bxc3 Rd5 24. Ke3 Ra5 25. f4 gxf4+ 26. Kxf4 Rxa3 27.
Ke5 Kd7 28. Kf6 Rh7 29. c4 Ra2 30. Kg5 hxg4 31. hxg4 Rxh1 32. Rxh1 Ke7 33. Kf4
b5 34. cxb5 cxb5 35. Rh8 Ra4+ 36. Kf3 Rd4 37. Rb8 a6 38. Rb7+ Kf8 0-1

[Event "Team senior chess final 2016"]
[Site "Sochi"]
[Date "2016.05.03"]
[Round "3.3"]
[White "Kaliberda, Vladimir"]
[Black "Okunev, Nikolai"]
[Result "1-0"]
[WhiteElo "2268"]
[BlackElo "1962"]
[PlyCount "119"]
[EventDate "2016.05.01"]

1. Nf3 Nf6 2. d4 e6 3. c4 c5 4. d5 d6 5. Nc3 e5 6. e4 Bg4 7. Qb3 b6 8. Qa4+ Qd7
9. Nb5 Kd8 10. Qc2 a6 11. Nc3 h6 12. a3 Qb7 13. Nd2 Nbd7 14. f3 Bh5 15. b4 g5
16. Nb3 Bg6 17. Be2 Bg7 18. Rb1 Qc7 19. Be3 Ke7 20. g4 Rac8 21. Kf2 Rh7 22. h3
Ng8 23. bxc5 bxc5 24. Nd2 Ngf6 25. Qa4 Rhh8 26. Nb3 Nb6 27. Qa5 Nfd7 28. Rhd1
Kf6 29. Qxa6 Ra8 30. Qb5 Rxa3 31. Qc6 Rc8 32. Qxc7 Rxc7 33. Nb5 Raa7 34. Nxa7
Rxa7 35. Ra1 Rc7 36. Rdb1 Bf8 37. Ra6 Kg7 38. Na5 Nc8 39. Rb7 Rxb7 40. Nxb7 f6
41. Bd2 Be8 42. Ba5 Kf7 43. Bc7 Be7 44. Bd1 Nf8 45. Bxd6 Ng6 46. Bxe7 Kxe7 47.
Be2 Nf4 48. Bf1 h5 49. Nxc5 hxg4 50. hxg4 Ng6 51. Nb7 Bd7 52. c5 Nf8 53. d6+
Ke8 54. c6 Be6 55. Bb5 Kf7 56. d7 Nxd7 57. cxd7 Bxd7 58. Bxd7 Ne7 59. Nd6+ Kg6
60. Bf5+ 1-0

[Event "Team senior chess final 2016"]
[Site "Sochi"]
[Date "2016.05.03"]
[Round "3.4"]
[White "Vasiukov, Evgeni"]
[Black "Sveshnikov, Evgeny"]
[Result "0-1"]
[WhiteElo "2408"]
[BlackElo "2504"]
[PlyCount "112"]
[EventDate "2016.05.01"]

1. e4 c5 2. a3 Nc6 3. b4 {[#]} e5 (3... Nf6 4. b5 Nd4 5. e5 (5. c3 Ne6 6. e5
Nd5) 5... Qc7) 4. b5 Nd4 5. Nf3 Nf6 6. Nc3 (6. Nxe5 Nxe4 (6... Qe7)) 6... d6 (
6... d5) 7. h3 Be7 8. Bc4 Nxe4 9. Nxe4 d5 10. Ba2 dxe4 11. Nxe5 O-O 12. c3 {[#]
} Be6 13. Bxe6 Nxe6 14. Qb3 Nf4 15. O-O Bd6 16. d4 Ne2+ 17. Kh1 cxd4 18. cxd4
Nxd4 19. Qd5 Bxe5 20. Qxe5 Re8 21. Qh5 Qd7 22. Rd1 Qxb5 23. Qxb5 Nxb5 24. Rd7
Rad8 25. Rxb7 Rd1+ 26. Kh2 a6 27. a4 Nc3 28. Bb2 Rd3 29. Bxc3 Rxc3 30. Ra7 Rc6
31. a5 h6 32. Ra2 Re5 33. Rb7 Rf6 34. Rb6 Ref5 35. Kg1 Kh7 36. g4 Rg5 37. Kg2
Rxa5 38. Rab2 Rxb6 39. Rxb6 g6 40. Kg3 Ra3+ 41. Kf4 Rxh3 42. Kxe4 Ra3 43. f4
Kg7 44. f5 Ra4+ 45. Kf3 g5 46. Kg3 Ra3+ 47. Kg2 a5 48. Ra6 a4 49. Kh2 Ra1 50.
Kg2 a3 51. Kh2 a2 52. Kg2 h5 53. gxh5 g4 54. Kh2 g3+ 55. Kg2 f6 56. h6+ Kh7 0-1

[Event "Team senior chess final 2016"]
[Site "Sochi"]
[Date "2016.05.03"]
[Round "3.4"]
[White "Kalegin, Evgenij"]
[Black "Shvedchikov, Anatoli I"]
[Result "1/2-1/2"]
[WhiteElo "2431"]
[BlackElo "2299"]
[PlyCount "85"]
[EventDate "2016.05.01"]

1. e4 e5 2. Bc4 Nf6 3. d3 Nc6 4. Nf3 Be7 5. O-O d6 6. Re1 O-O 7. a4 Be6 8. Nc3
h6 9. h3 Re8 10. a5 a6 11. Bxe6 fxe6 12. d4 exd4 13. Nxd4 Nxd4 14. Qxd4 Nd7 15.
Be3 c6 16. Qd2 e5 17. Na4 Bf8 18. c4 Qe7 19. Nb6 Nxb6 20. Bxb6 Qe6 21. b3 Re7
22. Rad1 Rf7 23. Qd3 Re8 24. Re2 Rd7 25. Red2 Ree7 26. Qe2 Rf7 27. Rd3 Rf6 28.
Be3 Be7 29. Bd2 c5 30. Rd5 Rc7 31. b4 cxb4 32. Bxb4 Rc6 33. c5 dxc5 34. Bc3 Rg6
35. Kh1 Bf6 36. Rb1 b5 37. axb6 Rxb6 38. Rxb6 Qxb6 39. Bxe5 Bxe5 40. Rxe5 Kh7
41. Rf5 Re6 42. Qc2 c4 43. Qxc4 1/2-1/2

[Event "Team senior chess final 2016"]
[Site "Sochi"]
[Date "2016.05.03"]
[Round "3.4"]
[White "Dragomarezkij, Evgeni"]
[Black "Zhelnin, Vladimir V"]
[Result "1/2-1/2"]
[WhiteElo "2351"]
[BlackElo "2464"]
[PlyCount "82"]
[EventDate "2016.05.01"]

1. d4 Nf6 2. c4 g6 3. Nc3 Bg7 4. e4 d6 5. f3 O-O 6. Be3 a6 7. Qd2 Nc6 8. Nge2
Na5 9. Nc1 Nd7 10. b4 Nc6 11. Rb1 e5 12. d5 Nd4 13. N1e2 Nxe2 14. Bxe2 f5 15.
c5 Nf6 16. exf5 Bxf5 17. Rc1 e4 18. O-O Qe7 19. f4 Ng4 20. Bxg4 Bxg4 21. h3 Bd7
22. Rfe1 Rae8 23. Ne2 Rf5 24. Ng3 Rf7 25. Bf2 Qf6 26. cxd6 cxd6 27. Rxe4 Rxe4
28. Nxe4 Qxf4 29. Qxf4 Rxf4 30. Nxd6 Rxb4 31. Bg3 h5 32. Rc7 h4 33. Bxh4 Rxh4
34. Rxd7 b5 35. Rd8+ Bf8 36. Ne8 Kf7 37. Nc7 Ra4 38. Rd7+ Kf6 39. d6 Rxa2 40.
Rd8 Kf7 41. d7 Bc5+ 1/2-1/2

[Event "Team senior chess final 2016"]
[Site "Sochi"]
[Date "2016.05.03"]
[Round "3.4"]
[White "Pushkov, Nikolai"]
[Black "Kremenietsky, Anatoly M"]
[Result "1/2-1/2"]
[WhiteElo "2306"]
[BlackElo "2320"]
[PlyCount "100"]
[EventDate "2016.05.01"]

1. Nf3 c5 2. c4 Nf6 3. Nc3 e6 4. e3 Be7 5. d4 cxd4 6. exd4 d6 7. Bd3 O-O 8. O-O
Nbd7 9. Re1 Re8 10. Bg5 h6 11. Bh4 b6 12. Bg3 Bb7 13. h3 a6 14. a4 d5 15. Ne5
dxc4 16. Bxc4 Nxe5 17. dxe5 Qxd1 18. Raxd1 Nh7 19. Rd7 Rab8 20. Ne4 Nf8 21. Rd4
Bxe4 22. Rdxe4 a5 23. Rd4 Red8 24. Red1 Rxd4 25. Rxd4 g5 26. Kf1 Rd8 27. Rxd8
Bxd8 28. Ke2 Bc7 29. Ke3 f5 30. Bh2 Kf7 31. f4 gxf4+ 32. Bxf4 Ng6 33. Bxh6 Bxe5
34. b3 Kf6 35. g4 Bb2 36. Kf3 Bd4 37. gxf5 exf5 38. Be3 Nh4+ 39. Ke2 Bxe3 40.
Kxe3 Ke5 41. Bf7 Kf6 42. Bh5 Ke5 43. Be8 f4+ 44. Kd3 Nf3 45. Bh5 Nd4 46. Bd1
Nf5 47. Bg4 Nd4 48. Bd1 Nf5 49. Bh5 Nd4 50. Bf7 Nf5 1/2-1/2

[Event "Team senior chess final 2016"]
[Site "Sochi"]
[Date "2016.05.04"]
[Round "4.1"]
[White "Shvedchikov, Anatoli I"]
[Black "Lisenko, Alexander V"]
[Result "0-1"]
[WhiteElo "2299"]
[BlackElo "2361"]
[PlyCount "92"]
[EventDate "2016.05.01"]

1. d4 Nf6 2. Nf3 e6 3. Bf4 c5 4. c3 Nc6 5. e3 Be7 6. h3 b6 7. Nbd2 Bb7 8. Bd3
d6 9. Qe2 Rc8 10. O-O O-O 11. Rfd1 Qc7 12. Ba6 Bxa6 13. Qxa6 Nd5 14. Bg3 cxd4
15. exd4 b5 16. Qxb5 Rb8 17. Qd3 Rxb2 18. Nc4 Rb7 19. Nfd2 Na5 20. Nxa5 Qxa5
21. Rdc1 Rc8 22. Nb3 Qa4 23. c4 Nb4 24. Qd2 h6 25. c5 d5 26. Bd6 Bg5 27. f4 Bf6
28. Be5 Be7 29. Bd6 Nc6 30. Rab1 Bf6 31. Be5 Bxe5 32. dxe5 Rb4 33. Rf1 Nd4 34.
Rb2 Nxb3 35. axb3 Rxb3 36. Ra2 Qd7 37. Ra5 Rb5 38. Rfa1 Rc7 39. Rxb5 Qxb5 40.
Ra5 Qc4 41. Kh2 a6 42. Qf2 d4 43. Qa2 Qc1 44. Qf2 d3 45. Qd4 d2 46. Ra1 Rxc5
0-1

[Event "Team senior chess final 2016"]
[Site "Sochi"]
[Date "2016.05.04"]
[Round "4.1"]
[White "Fradkin, Boris"]
[Black "Dragomarezkij, Evgeni"]
[Result "0-1"]
[WhiteElo "2387"]
[BlackElo "2351"]
[PlyCount "148"]
[EventDate "2016.05.01"]

1. Nf3 c5 2. c4 g6 3. Nc3 Bg7 4. g3 b6 5. Bg2 Bb7 6. O-O d6 7. e3 Nf6 8. d4 Ne4
9. Nxe4 Bxe4 10. Bd2 O-O 11. Bc3 Nd7 12. Qd2 cxd4 13. Bxd4 Qc7 14. Bxg7 Kxg7
15. Qd4+ Nf6 16. Rfd1 Rfc8 17. b3 Qc5 18. Ne1 Bxg2 19. Nxg2 a6 20. Qb2 Ra7 21.
Nf4 Kg8 22. Nd5 Nxd5 23. Rxd5 Qc6 24. a4 Rb7 25. Qd4 Qd7 26. h4 h5 27. e4 Rc5
28. Rd1 Qe6 29. b4 Rxd5 30. cxd5 Qc8 31. e5 dxe5 32. Qxe5 Rd7 33. Re1 Qc7 34.
Qe2 Qc3 35. Rd1 a5 36. bxa5 bxa5 37. Qb5 Rd8 38. d6 Rxd6 39. Qe8+ Kg7 40. Rb1
Qc2 41. Rf1 e6 42. Qb8 Rd5 43. Qf4 Qd2 44. Qxd2 Rxd2 45. Rc1 Rd4 46. Ra1 e5 47.
Kf1 Kf6 48. Ke2 Kf5 49. Ra3 Kg4 50. Ke3 Rb4 51. Ke2 g5 52. hxg5 Kxg5 53. Kf3 h4
54. gxh4+ Rxh4 55. Ra1 Rb4 56. Ke3 Kf5 57. Ra3 Ke6 58. Ra1 Rb3+ 59. Ke2 Kf5 60.
Kf1 Kf4 61. Kg2 f5 62. Rh1 e4 63. Ra1 Rb4 64. Ra3 Rd4 65. Ra1 Ke5 66. Ra3 Rd3
67. Ra2 Rb3 68. Rc2 Rd3 69. Rc5+ Rd5 70. Rc8 Kf4 71. Ra8 Rd2 72. Rxa5 e3 73.
Rb5 Rxf2+ 74. Kg1 Ra2 0-1

[Event "Team senior chess final 2016"]
[Site "Sochi"]
[Date "2016.05.04"]
[Round "4.2"]
[White "Sidorov, Anatoly"]
[Black "Pozin, Sergey"]
[Result "1/2-1/2"]
[WhiteElo "2292"]
[BlackElo "2332"]
[PlyCount "82"]
[EventDate "2016.05.01"]

1. c4 Nf6 2. Nc3 g6 3. g3 Bg7 4. Bg2 O-O 5. Nf3 d6 6. O-O Nc6 7. d3 e5 8. Rb1
Bg4 9. b4 Qd7 10. b5 Nd4 11. Bg5 Rfe8 12. Qd2 Rab8 13. Rfe1 c6 14. a4 Nh5 15.
Bh6 Bxf3 16. Bxf3 Nxf3+ 17. exf3 Bh8 18. Kg2 d5 19. bxc6 bxc6 20. cxd5 cxd5 21.
Qa2 Rbd8 22. Rec1 e4 23. fxe4 dxe4 24. dxe4 Bxc3 25. Rxc3 Rxe4 26. Rb5 Ng7 27.
Qc2 Re1 28. Rc7 Qe6 29. Rc6 Qg4 30. h3 Qd4 31. Rc4 Qa1 32. Bc1 Nf5 33. Rc8 Qf6
34. Rbb8 Ree8 35. Bb2 Qd6 36. Qc3 f6 37. Qb3+ Kg7 38. Rb7+ Re7 39. Rxd8 Qxd8
40. Ba3 Rc7 41. Rb8 Nd4 1/2-1/2

[Event "Team senior chess final 2016"]
[Site "Sochi"]
[Date "2016.05.04"]
[Round "4.2"]
[White "Sosnin, Anatoly"]
[Black "Iliushkin, Evgeny"]
[Result "0-1"]
[WhiteElo "2188"]
[BlackElo "2223"]
[PlyCount "120"]
[EventDate "2016.05.01"]

1. c4 e5 2. Nc3 Nc6 3. Nf3 d6 4. d4 Bg4 5. e3 Nf6 6. Be2 g6 7. O-O Bg7 8. b4
exd4 9. exd4 O-O 10. b5 Ne7 11. Bb2 d5 12. h3 Be6 13. c5 Ne4 14. Bd3 Nxc3 15.
Bxc3 b6 16. Bb4 Re8 17. Ne5 Nf5 18. Be2 Bd7 19. c6 Bc8 20. Nf3 a6 21. Bc3 axb5
22. Bxb5 Ba6 23. a4 Bxb5 24. axb5 Rxa1 25. Qxa1 Nd6 26. Qb2 Nc4 27. Qa2 Qa8 28.
Ra1 Qxa2 29. Rxa2 Nd6 30. Rb2 Ra8 31. Kf1 Ra3 32. Be1 Ra4 33. Bc3 Ra3 34. Be1
Ra4 35. Bc3 Rc4 36. Rb3 Nxb5 37. Rxb5 Rxc3 38. Rxd5 Rxc6 39. Rd8+ Bf8 40. Ke2
Rd6 41. Rc8 Rd7 42. Rb8 f6 43. Kd3 Kf7 44. Kc4 Bd6 45. Rh8 Kg7 46. Re8 c6 47.
Rc8 b5+ 48. Kc3 Rc7 49. Rxc7+ Bxc7 50. Kb4 Bb6 51. d5 cxd5 52. Kxb5 Bxf2 53.
Kc6 d4 54. Kd5 f5 55. Nxd4 Bxd4 56. Kxd4 Kf6 57. Kd5 Kg5 58. Ke5 h5 59. h4+ Kg4
60. Kf6 Kxh4 0-1

[Event "Team senior chess final 2016"]
[Site "Sochi"]
[Date "2016.05.04"]
[Round "4.2"]
[White "Ostashevsky, Gennady"]
[Black "Deryagin, Aleksandr"]
[Result "1-0"]
[WhiteElo "2125"]
[BlackElo "1720"]
[PlyCount "71"]
[EventDate "2016.05.01"]

1. Nf3 d5 2. g3 Nf6 3. Bg2 c5 4. c4 e6 5. O-O Be7 6. cxd5 exd5 7. d4 O-O 8.
dxc5 Bxc5 9. a3 Be6 10. b4 Bb6 11. Bb2 Qe7 12. Nc3 Rd8 13. Na4 Nbd7 14. Rc1
Rac8 15. Qd3 Rc6 16. Nxb6 Nxb6 17. Rxc6 bxc6 18. Ne5 Rc8 19. Bd4 Nfd7 20. Nxd7
Qxd7 21. Qa6 Nc4 22. Rd1 Ra8 23. e4 f6 24. Bc5 Qc8 25. Qxc8+ Rxc8 26. exd5 cxd5
27. Bxa7 Nxa3 28. Bxd5 Bxd5 29. Rxd5 Rc1+ 30. Kg2 Rb1 31. Bc5 Nc2 32. Rd8+ Kf7
33. Rd7+ Kg6 34. Bf8 f5 35. Rxg7+ Kf6 36. Rxh7 1-0

[Event "Team senior chess final 2016"]
[Site "Sochi"]
[Date "2016.05.04"]
[Round "4.2"]
[White "Okunev, Nikolai"]
[Black "Loginov, Alexander"]
[Result "0-1"]
[WhiteElo "1962"]
[BlackElo "2123"]
[PlyCount "90"]
[EventDate "2016.05.01"]

1. e4 e6 2. d4 d5 3. exd5 exd5 4. Bd3 Bd6 5. Nf3 Ne7 6. Bg5 f6 7. Bh4 O-O 8.
O-O c5 9. dxc5 Bxc5 10. h3 Nbc6 11. c3 Qd6 12. Kh1 Bf5 13. Bg3 Qd7 14. b4 Bb6
15. b5 Na5 16. Nd4 Bxd4 17. cxd4 Rac8 18. a4 Bxd3 19. Qxd3 Qf5 20. Qa3 Ng6 21.
Qb4 b6 22. Nd2 Nf4 23. Nf3 Ne2 24. Bh2 Rfe8 25. Rfd1 Nc3 26. Rdc1 Ne4 27. Rxc8
Qxc8 28. Qb2 Nc4 29. Qc2 Qf5 30. Ra2 Rc8 31. Qb3 Na5 32. Qe3 Rc3 33. Qe1 Qc8
34. Ra1 Rc2 35. Bg1 Qc4 36. Qe3 g5 37. Ne1 Rc3 38. Nd3 Qxd3 39. Qe1 Qd2 40. Qf1
Rc2 41. Re1 Nb3 42. Kh2 Qf4+ 43. Kh1 Rd2 44. Re3 Nxf2+ 45. Bxf2 Rxf2 0-1

[Event "Team senior chess final 2016"]
[Site "Sochi"]
[Date "2016.05.04"]
[Round "4.4"]
[White "Mishuchkov, Nikolai M"]
[Black "Gubernatorov, Sergey"]
[Result "1/2-1/2"]
[WhiteElo "2301"]
[BlackElo "2289"]
[PlyCount "66"]
[EventDate "2016.05.01"]

1. d4 Nf6 2. Nf3 g6 3. g3 Bg7 4. Bg2 d5 5. O-O O-O 6. Bf4 c5 7. dxc5 Na6 8. Nc3
Nxc5 9. Be3 b6 10. Bd4 Bb7 11. e3 Rc8 12. a4 a5 13. Qb1 Nfe4 14. Bxg7 Kxg7 15.
Nb5 Nxa4 16. Rxa4 Qd7 17. Nfd4 e5 18. Qa1 Ba6 19. b3 f6 20. Bxe4 dxe4 21. c4
exd4 22. Qxd4 Bxb5 23. cxb5 Qxb5 24. Qxe4 Rc3 25. Rc4 Qxb3 26. Qb7+ Rf7 27.
Rxc3 Qxc3 28. Qxb6 a4 29. Qa6 a3 30. Rd1 Qc5 31. Rd8 Rf8 32. Rd7+ Rf7 33. Rd8
Rf8 1/2-1/2

[Event "Team senior chess final 2016"]
[Site "Sochi"]
[Date "2016.05.04"]
[Round "4.4"]
[White "Zhukov, Viktor I"]
[Black "Karasev, Vladimir I"]
[Result "1-0"]
[WhiteElo "2004"]
[BlackElo "2354"]
[PlyCount "129"]
[EventDate "2016.05.01"]

1. e4 c5 2. Nf3 e6 3. d4 cxd4 4. Nxd4 Qb6 5. Nb3 Qc7 6. Nc3 a6 7. a4 Nf6 8. Bd3
b6 9. O-O Bb7 10. Qe2 d6 11. f4 Nbd7 12. Bd2 Be7 13. Rae1 e5 14. Qf3 O-O 15.
Qh3 h6 16. Kh1 Rfe8 17. Re2 Bf8 18. fxe5 dxe5 19. Ref2 Re7 20. Rf3 Qc6 21. Rg3
Kh8 22. Bg5 Qe6 23. Qh4 Ree8 24. Nd2 Nh7 25. Be3 Be7 26. Qh5 Ndf6 27. Qe2 Bb4
28. Bc4 Qe7 29. Bxb6 Bxc3 30. Rxc3 Ng5 31. Bd3 Qb4 32. Be3 Ngxe4 33. Rc4 Qxb2
34. Nxe4 Nxe4 35. Bxe4 Bxe4 36. Rxe4 Qb7 37. Rh4 Re6 38. Qf3 Qxf3 39. Rxf3 f6
40. Rc4 Rb8 41. Rf1 Rb2 42. Rd1 f5 43. g3 Kh7 44. Rd7 Rg6 45. Rd1 h5 46. Rh4
Rc6 47. c4 Re2 48. Bg1 Kh6 49. c5 g5 50. Rb4 f4 51. gxf4 gxf4 52. Rb6 Rxb6 53.
cxb6 Rb2 54. Re1 f3 55. Rxe5 f2 56. Bxf2 Rxf2 57. Re6+ Kg5 58. b7 Rb2 59. Re5+
Kf4 60. Rb5 axb5 61. b8=Q+ Kf3 62. Qf8+ Ke4 63. Qe8+ Kf3 64. Qxh5+ Kf2 65. Qxb5
1-0

[Event "Team senior chess final 2016"]
[Site "Sochi"]
[Date "2016.05.04"]
[Round "4.4"]
[White "Blechzin, Igor"]
[Black "Mednikov, Gennadiy"]
[Result "0-1"]
[WhiteElo "2350"]
[BlackElo "2118"]
[PlyCount "80"]
[EventDate "2016.05.01"]

1. c4 e5 2. Nc3 Nc6 3. g3 f5 4. Bg2 Nf6 5. d3 Bc5 6. e3 O-O 7. Nge2 a6 8. d4
Ba7 9. dxe5 Nxe5 10. O-O Kh8 11. b3 d6 12. Bb2 Rb8 13. Nd5 b5 14. Nxf6 Qxf6 15.
Bd4 Bxd4 16. exd4 Ng6 17. f4 bxc4 18. bxc4 Rb2 19. Qd3 c5 20. Rfb1 Rxb1+ 21.
Rxb1 Re8 22. Bc6 Rd8 23. Qe3 Ne7 24. Bb7 Ng8 25. Bxc8 Rxc8 26. d5 Qf8 27. Rb6
Re8 28. Qd3 Qe7 29. Kf1 Nf6 30. Ng1 Qe1+ 31. Kg2 Ng4 32. Rb2 Ne3+ 33. Kh1 Nd1
34. Re2 Nf2+ 35. Rxf2 Qxf2 36. Qxf5 Qe1 37. Qg4 Qe4+ 38. Nf3 Qxc4 39. Kg2 Qxd5
40. Kh3 h5 0-1

[Event "Team senior chess final 2016"]
[Site "Sochi"]
[Date "2016.05.04"]
[Round "4.4"]
[White "Maiorov, Viktor"]
[Black "Monin, Nikolay"]
[Result "0-1"]
[WhiteElo "2047"]
[BlackElo "2224"]
[PlyCount "118"]
[EventDate "2016.05.01"]

1. e4 e6 2. d4 d5 3. Nd2 Nc6 4. Ngf3 Nf6 5. e5 Nd7 6. c3 f6 7. exf6 Qxf6 8. Bb5
e5 9. dxe5 Ncxe5 10. Nxe5 Qxe5+ 11. Qe2 c6 12. Nf3 Qxe2+ 13. Bxe2 Bd6 14. Be3
Ne5 15. Nxe5 Bxe5 16. O-O-O O-O 17. Rdf1 Be6 18. f4 Bc7 19. g3 Rfe8 20. Bf3 Bb6
21. Bxb6 axb6 22. a3 h6 23. Bh5 Bf7 24. Bg4 g6 25. Re1 Kg7 26. Rxe8 Rxe8 27.
Kd2 Kf6 28. b4 Ra8 29. Ra1 Be6 30. Bxe6 Kxe6 31. g4 b5 32. h4 h5 33. gxh5 gxh5
34. Rg1 Rxa3 35. Rg5 d4 36. cxd4 Rf3 37. Rxh5 Rxf4 38. Ke3 Rg4 39. Rh7 Kd5 40.
h5 Rh4 41. Kf3 Kc4 42. Rxb7 Rxh5 43. Rc7 Rh6 44. Ke3 Kxb4 45. d5 cxd5 46. Kd4
Rh1 47. Kxd5 Rd1+ 48. Ke4 Kb3 49. Ke3 b4 50. Ke2 Rd5 51. Rb7 Kc3 52. Rb8 b3 53.
Rc8+ Kb2 54. Rb8 Kc2 55. Rb7 b2 56. Rc7+ Kb3 57. Rb7+ Kc3 58. Ke1 Ra5 59. Ke2
Ra1 0-1

[Event "Team senior chess final 2016"]
[Site "Sochi"]
[Date "2016.05.05"]
[Round "5.2"]
[White "Pozin, Sergey"]
[Black "Sabaev, Evgueni"]
[Result "1-0"]
[WhiteElo "2332"]
[BlackElo "2129"]
[PlyCount "105"]
[EventDate "2016.05.01"]

1. d4 e6 2. Nf3 f5 3. g3 Nf6 4. Bg2 d5 5. O-O Bd6 6. c4 c6 7. b3 Qe7 8. Bf4
Bxf4 9. gxf4 O-O 10. Nbd2 Ne4 11. Qc2 Bd7 12. Rab1 Be8 13. b4 Nxd2 14. Qxd2
dxc4 15. Ne5 b5 16. a4 a6 17. axb5 axb5 18. Ra1 Ra6 19. Rfb1 Qd6 20. e3 Rb6 21.
Qa2 Na6 22. Qa5 Qb8 23. Kf1 h6 24. Ke2 Nc7 25. Qa7 Nd5 26. Bxd5 cxd5 27. Qe7
Bh5+ 28. f3 Qb7 29. Qh4 Be8 30. Rg1 Kh7 31. Ra5 Ra6 32. Rga1 Rxa5 33. Rxa5 Bc6
34. Qg3 Be8 35. Qe1 Rg8 36. h4 Rf8 37. Kd2 Bh5 38. Qa1 Qe7 39. Rxb5 Qxh4 40.
Qg1 Qe7 41. Qh1 Bf7 42. Qa1 Qh4 43. Kc3 Qf2 44. Qc1 Qa2 45. Qb2 Qa4 46. Ra5 Qd1
47. Ra1 Qb3+ 48. Qxb3 cxb3 49. Kxb3 Be8 50. Ra8 Kg8 51. Ra5 g5 52. b5 h5 53. b6
1-0

[Event "Team senior chess final 2016"]
[Site "Sochi"]
[Date "2016.05.05"]
[Round "5.2"]
[White "Deryagin, Aleksandr"]
[Black "Kamiljanov, Timerbay"]
[Result "0-1"]
[WhiteElo "1720"]
[BlackElo "2139"]
[PlyCount "108"]
[EventDate "2016.05.01"]

1. e4 c5 2. d4 cxd4 3. c3 dxc3 4. Nxc3 d6 5. Bc4 e6 6. Nf3 Nc6 7. O-O Be7 8.
Bf4 Nf6 9. e5 dxe5 10. Qxd8+ Bxd8 11. Nxe5 Nxe5 12. Bxe5 a6 13. Rfd1 Bd7 14.
Bxf6 Bxf6 15. Ne4 Be7 16. Rd4 Bc6 17. Nd6+ Bxd6 18. Rxd6 Ke7 19. Rad1 Rhd8 20.
Rxd8 Rxd8 21. Rxd8 Kxd8 22. f3 Kd7 23. Kf2 Kd6 24. Ke3 b5 25. Bd3 h6 26. b4 e5
27. h4 Ke6 28. g4 Kd6 29. g5 hxg5 30. hxg5 Ke6 31. Bc2 f5 32. gxf6 gxf6 33. f4
f5 34. a3 Bd5 35. Bb1 Bb3 36. Bd3 Bd1 37. fxe5 Kxe5 38. Bf1 f4+ 39. Kd2 Bf3 40.
Kd3 Bd5 41. Kc3 Ke4 42. Bd3+ Ke3 43. Bf5 Bb7 44. Bh3 f3 45. Bf1 Kf2 46. Bh3 Ke1
47. Kd4 f2 48. Kc5 f1=Q 49. Bxf1 Kxf1 50. Kb6 Bc8 51. Kc7 Be6 52. Kb7 Ke2 53.
Kxa6 Bd7 54. Ka5 Kd3 0-1

[Event "Team senior chess final 2016"]
[Site "Sochi"]
[Date "2016.05.05"]
[Round "5.2"]
[White "Sadykov, Mars"]
[Black "Okunev, Nikolai"]
[Result "1-0"]
[WhiteElo "2043"]
[BlackElo "1962"]
[PlyCount "89"]
[EventDate "2016.05.01"]

1. Nf3 Nf6 2. c4 c5 3. Nc3 Nc6 4. g3 d6 5. Bg2 g6 6. O-O Bg7 7. d3 O-O 8. Rb1
Ng4 9. Bd2 e6 10. a3 a5 11. e3 Nge5 12. Qe2 f5 13. Nxe5 Bxe5 14. b3 Ra7 15.
Rfd1 Bg7 16. f4 h5 17. Nb5 Ra6 18. Bc3 e5 19. fxe5 dxe5 20. d4 cxd4 21. exd4 e4
22. c5 Qg5 23. Bd2 Qe7 24. Bf4 Qf7 25. Bf1 Kh7 26. Qe3 Ne7 27. Bc4 Be6 28. Nc7
Bxc4 29. bxc4 Qxc4 30. Rbc1 Qa4 31. d5 g5 32. Bxg5 f4 33. Bxf4 Nf5 34. Qe2 Rg6
35. Ne6 Re8 36. Qxh5+ Nh6 37. Nxg7 Kxg7 38. Bxh6+ Rxh6 39. Qg5+ Rg6 40. Qe3 Qd7
41. c6 bxc6 42. dxc6 Qc8 43. Rd7+ Kg8 44. Qb3+ Rge6 45. Qd5 1-0

[Event "Team senior chess final 2016"]
[Site "Sochi"]
[Date "2016.05.05"]
[Round "5.3"]
[White "Vasiukov, Evgeni"]
[Black "Sidorov, Anatoly"]
[Result "1/2-1/2"]
[WhiteElo "2408"]
[BlackElo "2292"]
[PlyCount "80"]
[EventDate "2016.05.01"]

1. e4 c5 2. Nf3 Nc6 3. d4 cxd4 4. Nxd4 Qb6 5. Nb3 Nf6 6. Nc3 e6 7. Qe2 d6 8. g4
a6 9. g5 Nd7 10. f4 Qc7 11. h4 b6 12. Bh3 Nc5 13. Be3 g6 14. O-O-O Bg7 15. Qd2
Bf8 16. Kb1 Bd7 17. h5 Rg8 18. hxg6 hxg6 19. Bg2 Rd8 20. Rh7 Bc8 21. f5 Bg7 22.
Nd4 Ne5 23. b3 Bd7 24. Rdh1 Bc8 25. R1h4 b5 26. Nce2 Bb7 27. Nf4 Qc8 28. Qe1
Bxe4 29. f6 Bxf6 30. gxf6 g5 31. Bxe4 Nxe4 32. Nfxe6 gxh4 33. Nxd8 Kxd8 34.
Rxh4 Qc3 35. Rh1 Qxe1+ 36. Rxe1 Nxf6 37. Nf5 Kc7 38. Bf4 Nfd7 39. Rd1 Rg6 40.
Ne7 Rg4 1/2-1/2

[Event "Team senior chess final 2016"]
[Site "Sochi"]
[Date "2016.05.05"]
[Round "5.3"]
[White "Iliushkin, Evgeny"]
[Black "Shvedchikov, Anatoli I"]
[Result "1/2-1/2"]
[WhiteElo "2223"]
[BlackElo "2299"]
[PlyCount "95"]
[EventDate "2016.05.01"]

1. d4 Nf6 2. Nf3 d5 3. c4 c6 4. cxd5 cxd5 5. Nc3 Nc6 6. a3 a6 7. Bf4 b5 8. Ne5
Bb7 9. e3 e6 10. Rc1 Qb6 11. Nxc6 Bxc6 12. Bd3 Be7 13. O-O O-O 14. Bg5 Rfc8 15.
Qb3 Qb7 16. Rc2 b4 17. axb4 Qxb4 18. Qxb4 Bxb4 19. Na2 Bd6 20. Rfc1 Bb7 21.
Rxc8+ Rxc8 22. Rxc8+ Bxc8 23. Bxf6 gxf6 24. b4 Kf8 25. g3 f5 26. f4 Ke7 27. Kf2
h6 28. Ke2 Kd7 29. Kd2 Kc6 30. Kc3 Kb6 31. Kb3 a5 32. b5 Bb4 33. Nxb4 axb4 34.
Kxb4 Bd7 35. Be2 f6 36. Bd3 Be8 37. Be2 Bd7 38. h3 Be8 39. Ka4 Bg6 40. Kb4 Be8
41. g4 fxg4 42. Bxg4 f5 43. Be2 Bd7 44. h4 Be8 45. Bd1 Bd7 46. Ba4 Be8 47. Bd1
Bf7 48. Be2 1/2-1/2

[Event "Team senior chess final 2016"]
[Site "Sochi"]
[Date "2016.05.05"]
[Round "5.3"]
[White "Dragomarezkij, Evgeni"]
[Black "Ostashevsky, Gennady"]
[Result "1-0"]
[WhiteElo "2351"]
[BlackElo "2125"]
[PlyCount "60"]
[EventDate "2016.05.01"]

1. c4 Nf6 2. Nc3 g6 3. e4 d6 4. d4 Bg7 5. f3 b6 6. Bg5 c5 7. d5 h6 8. Be3 O-O
9. Qd2 h5 10. Bh6 e5 11. dxe6 Bxe6 12. Bxg7 Kxg7 13. O-O-O Nc6 14. f4 Bg4 15.
Re1 a6 16. h3 Bc8 17. Nf3 Ra7 18. Bd3 Rh8 19. Rd1 b5 20. cxb5 Nd4 21. bxa6 Nxf3
22. gxf3 Qa5 23. f5 Bxa6 24. fxg6 fxg6 25. Rhg1 Bxd3 26. Qxd3 Rh6 27. Qxd6 Rd7
28. Qe5 Qc7 29. Rxd7+ Qxd7 30. Qxc5 Rh8 1-0

[Event "Team senior chess final 2016"]
[Site "Sochi"]
[Date "2016.05.05"]
[Round "5.3"]
[White "Loginov, Alexander"]
[Black "Kremenietsky, Anatoly M"]
[Result "1/2-1/2"]
[WhiteElo "2123"]
[BlackElo "2320"]
[PlyCount "85"]
[EventDate "2016.05.01"]

1. e4 c5 2. Nf3 d6 3. Nc3 Nf6 4. d4 cxd4 5. Nxd4 Nc6 6. Bc4 e6 7. Be3 Be7 8.
Qe2 a6 9. O-O-O Qc7 10. Bb3 Bd7 11. g4 Nxd4 12. Rxd4 Bc6 13. g5 Nd7 14. f4 Nc5
15. Kb1 b5 16. a3 f5 17. Rf1 Nxb3 18. cxb3 fxe4 19. Qg4 Bd7 20. Rxe4 d5 21. Re5
O-O 22. Nxd5 exd5 23. Rxe7 Bf5+ 24. Qxf5 Qxe7 25. Qxd5+ Qf7 26. Rd1 Qxd5 27.
Rxd5 Rad8 28. Rxd8 Rxd8 29. Kc2 Kf7 30. Bd2 Ke6 31. Bc3 g6 32. a4 Kd5 33. Kd3
Kc5+ 34. Ke4 Re8+ 35. Be5 Rf8 36. h4 Kc6 37. a5 Kd7 38. Kd5 Rc8 39. Bc3 Rc6 40.
Ke5 Re6+ 41. Kd5 Rd6+ 42. Kc5 Re6 43. Kd5 1/2-1/2